Reglamento de las Escuelas de Peritos y Capataces Agrícolas / Granja Experimental de Barcelona
Descripción Física:
15 p. ; 14 cm
MARC
| LEADER | 00000nam a2200000Ia 4500 | ||
|---|---|---|---|
| 001 | 19567 | ||
| 003 | BGR | ||
| 005 | 20260324180145.0 | ||
| 008 | 160829s1894 xx 000 0 cat d | ||
| 080 | |a 2521 | ||
| 110 | 2 | |a Granja Experimental de Barcelona |9 55359 | |
| 245 | |a Reglamento de las Escuelas de Peritos y Capataces Agrícolas / Granja Experimental de Barcelona | ||
| 260 | |a Barcelona : |b Imp. de la Casa P. de Caridad, |c 1894 | ||
| 300 | |a 15 p. ; |c 14 cm | ||
| 650 | |a Escuela de Peritos y Capataces Agrícolas |x Reglaments |9 48075 | ||
| 710 | 1 | |a Escuela de Peritos y Capataces Agrícolas |9 70825 | |
| 901 | |a Arxiu | ||
| 942 | |n 1 |2 udc |c MON | ||
| 952 | |0 0 |1 0 |4 0 |6 2521 |7 1 |9 54306 |a Arxiu |b Arxiu |d 2016-12-01 |l 0 |o 2521 |p 19567 |r 2016-12-01 00:00:00 |w 2016-12-01 |y ARXIU | ||
| 999 | |c 58175 |d 58175 | ||